000 00715nam a2200265Ia 4500
005 20260121172609.0
008 008 260114s9999 xx 000 0 eng d
020 _a9783030695835
037 _aEBOOK
040 _aCRL
040 _beng
040 _cCRL
041 _2eng
041 _aeng
084 _qCRL
100 _aTatiana-Eleni Synodinou, Philippe Jougleux, Christiana Markou, Thalia Prastitou-Merdi
_91090366
245 0 _aEU Internet Law in the Digital Single Market
260 _bSpringer
260 _bSpringer
260 _c2021
856 _uhttps://link.springer.com/openurl?genre=book&isbn=978-3-030-69583-5
942 _cEBOOK
999 _c1656106
_d1656106